[Event "Katowice rapid op"]
[Site "Katowice"]
[Date "2025.05.31"]
[Round "8"]
[White "Pekala, Dawid"]
[Black "Polok, Alojzy"]
[Result "1-0"]
[WhiteElo "1961"]
[BlackElo "1700"]
[PlyCount "65"]
[EventDate "2025.05.31"]
[EventType "swiss"]
[EventRounds "11"]
[EventCountry "POL"]
[SourceTitle "CB24_2025"]
[SourceDate "2025.06.11"]
[SourceVersion "1"]
[SourceVersionDate "2025.06.11"]
[SourceQuality "1"]

1. e4 c5 2. Nf3 d6 3. c3 Nf6 4. Be2 Nc6 5. d4 cxd4 6. cxd4 e6 7. d5 Ne7 8. Nc3 a6 9. Bg5 h6 10. Bxf6 gxf6 11. 0-0 h5 12. dxe6 fxe6 13. Nd4 h4 14. Bh5+ Kd7 15. Bg4 f5 16. exf5 exf5 17. Nxf5 Kc7 18. Nxe7 Bxe7 19. Nd5+ Kb8 20. Bxc8 Kxc8 21. Rc1+ Kb8 22. Rc7 Bf6 23. Qb3 Ra7 24. Rfc1 Be5 25. Qb6 h3 26. Ne7 Bxh2+ 27. Kxh2 hxg2+ 28. Kxg2 Rg8+ 29. Nxg8 Qxg8+ 30. Kf1 Qg4 31. Rc8+ Qxc8 32. Rxc8+ Kxc8 33. Qxa7 1-0

[Event "POL-ch Blitz U18"]
[Site "Bydgoszcz"]
[Date "2023.08.31"]
[Round "8"]
[White "Kaszuba, Michal"]
[Black "Pekala, Dawid"]
[Result "0-1"]
[WhiteElo "1507"]
[BlackElo "1354"]
[PlyCount "88"]
[EventDate "2023.08.28"]
[EventType "swiss"]
[EventRounds "10"]
[EventCountry "POL"]
[SourceTitle "CBM 216 Extra"]
[Source "ChessBase"]
[SourceDate "2023.11.30"]
[SourceVersion "1"]
[SourceVersionDate "2023.11.30"]
[SourceQuality "1"]

1. d4 Nf6 2. Nf3 e6 3. g3 d5 4. Bg2 Be7 5. 0-0 0-0 6. c4 c5 7. Nc3 dxc4 8. dxc5 Nbd7 9. c6 bxc6 10. Nd4 Bb7 11. Nxc6 Bxc6 12. Bxc6 Rc8 13. Bxd7 Qxd7 14. Qxd7 Nxd7 15. Be3 a5 16. Rfd1 Rfd8 17. Ne4 Nf6 18. Nxf6+ Bxf6 19. Rxd8+ Rxd8 20. Rc1 Rc8 21. Rc2 Kf8 22. b3 c3 23. Bb6 Ra8 24. a3 Rb8 25. Bc5+ Ke8 26. b4 axb4 27. Bxb4 Kd7 28. Bxc3 Rc8 29. Bxf6 Rxc2 30. Bxg7 Rxe2 31. Bc3 Rc2 32. Bb4 Kc6 33. Kg2 Kd5 34. Kf3 f5 35. h3 e5 36. g4 e4+ 37. Ke3 f4+ 38. Kxf4 Rxf2+ 39. Kg3 Rf3+ 40. Kg2 Rf7 41. h4 e3 42. g5 e2 43. h5 Rg7 44. Bd2 Rxg5+ 0-1

[Event "POL-ch U10"]
[Site "Jastrzebia Gora"]
[Date "2021.??.??"]
[Round "7"]
[White "Boryna, Szymon"]
[Black "Pekala, Dawid"]
[Result "1/2-1/2"]
[WhiteElo "1150"]
[BlackElo "1244"]
[PlyCount "84"]
[EventDate "2021.02.28"]
[EventType "swiss"]
[EventRounds "9"]
[EventCountry "POL"]
[SourceTitle "EXT 2022"]
[Source "ChessBase"]
[SourceDate "2021.10.06"]
[SourceVersion "1"]
[SourceVersionDate "2021.10.06"]
[SourceQuality "1"]

1. c4 Nf6 2. Nc3 e6 3. Nf3 Bb4 4. Qc2 0-0 5. a3 Bxc3 6. Qxc3 b6 7. b4 Bb7 8. Bb2 d6 9. e3 Nbd7 10. Be2 c5 11. d3 d5 12. 0-0 Rc8 13. b5 Qc7 14. Ne5 Nxe5 15. Qxe5 Qxe5 16. Bxe5 Nd7 17. Bb2 Rfd8 18. Bf3 Nf8 19. Rad1 Ng6 20. g3 Ba8 21. Kg2 Ne7 22. Rfe1 Rd7 23. cxd5 Bxd5 24. Bxd5 Rxd5 25. a4 Rcd8 26. d4 cxd4 27. Rxd4 Rxd4 28. Bxd4 h6 29. Rc1 Rc8 30. Rxc8+ Nxc8 31. Be5 Kf8 32. Kf3 f6 33. Bc3 Kf7 34. Bb4 g6 35. h3 h5 36. e4 Ne7 37. Ke3 Nc8 38. f4 Ne7 39. Kf3 Nc8 40. h4 f5 41. e5 Ne7 42. Bxe7 Kxe7 1/2-1/2

[Event "POL-ch U10"]
[Site "Jastrzebia Gora"]
[Date "2021.??.??"]
[Round "2"]
[White "Pekala, Dawid"]
[Black "Myslowski, Tomasz"]
[Result "1-0"]
[WhiteElo "1244"]
[BlackElo "1119"]
[PlyCount "35"]
[EventDate "2021.02.28"]
[EventType "swiss"]
[EventRounds "9"]
[EventCountry "POL"]
[SourceTitle "EXT 2022"]
[Source "ChessBase"]
[SourceDate "2021.10.06"]
[SourceVersion "1"]
[SourceVersionDate "2021.10.06"]
[SourceQuality "1"]

1. e4 e6 2. d4 d5 3. Nd2 c5 4. Ngf3 Nc6 5. exd5 exd5 6. dxc5 Bxc5 7. Nb3 Bb6 8. c3 Nf6 9. Be2 0-0 10. 0-0 Re8 11. Bf4 Qe7 12. Re1 Ng4 13. Bg3 Be6 14. Nfd4 Qf6 15. Bxg4 Bxg4 16. Qxg4 Re7 17. Rxe7 Nb8 18. Qd1 1-0

[Event "POL-ch U10"]
[Site "Jastrzebia Gora"]
[Date "2021.??.??"]
[Round "3"]
[White "Radzimski, Antoni"]
[Black "Pekala, Dawid"]
[Result "0-1"]
[WhiteElo "1403"]
[BlackElo "1244"]
[PlyCount "144"]
[EventDate "2021.02.28"]
[EventType "swiss"]
[EventRounds "9"]
[EventCountry "POL"]
[SourceTitle "EXT 2022"]
[Source "ChessBase"]
[SourceDate "2021.10.06"]
[SourceVersion "1"]
[SourceVersionDate "2021.10.06"]
[SourceQuality "1"]

1. e4 c5 2. Nf3 d6 3. d4 cxd4 4. Qxd4 e5 5. Bb5+ Bd7 6. Qd3 h6 7. Nc3 a6 8. Bxd7+ Nxd7 9. Be3 Ngf6 10. h3 Be7 11. Ne2 Rc8 12. Ng3 g6 13. c4 Qc7 14. b3 Nc5 15. Bxc5 Qxc5 16. 0-0 0-0 17. h4 h5 18. Rad1 Kg7 19. Rd2 b5 20. Rc2 bxc4 21. Rxc4 Qb5 22. Rfc1 Rxc4 23. Qxc4 Qxc4 24. Rxc4 Ra8 25. Kf1 Kf8 26. Ke2 Ke8 27. b4 Rb8 28. a3 a5 29. bxa5 Ra8 30. Ra4 Nd7 31. Kd2 Nc5 32. Rc4 Rxa5 33. Rc3 Kd7 34. Re3 Rb5 35. Kc2 Kc6 36. Ne2 Na4 37. Nc3 Nxc3 38. Rxc3+ Kd7 39. g3 Bd8 40. Nd2 Ba5 41. Rf3 Ke7 42. Nc4 Bc7 43. Ne3 Bd8 44. Nd5+ Ke6 45. Rb3 Rxb3 46. Kxb3 Kd7 47. a4 Kc6 48. Kc4 f5 49. f3 fxe4 50. fxe4 Kb7 51. Kb5 g5 52. hxg5 Bxg5 53. Nc3 Be3 54. Kc4 Kc6 55. a5 Bf2 56. Ne2 Be1 57. a6 Kb6 58. Kd5 Bb4 59. Ke6 Kxa6 60. Kf5 Kb5 61. Kg5 Kc4 62. Kxh5 Kd3 63. Ng1 Kxe4 64. g4 Bd2 65. g5 Bxg5 66. Kxg5 d5 67. Kg4 d4 68. Kg3 Ke3 69. Nf3 e4 70. Nxd4 Kxd4 71. Kf2 Kd3 72. Kf1 Kd2 0-1